Design and analysis of algorithms (Record no. 1111)

MARC details
000 -LEADER
fixed length control field 00471 a2200181 4500
001 - CONTROL NUMBER
control field 067132
003 - CONTROL NUMBER IDENTIFIER
control field OSt
005 - DATE AND TIME OF LATEST TRANSACTION
control field 20211029145602.0
008 - FIXED-LENGTH DATA ELEMENTS--GENERAL INFORMATION
fixed length control field
082 ## - DEWEY DECIMAL CLASSIFICATION NUMBER
Classification number 005.1
Item number G95D
100 1# - MAIN ENTRY--PERSONAL NAME
Personal name Gupta, Prabhakar
245 1# - TITLE STATEMENT
Title Design and analysis of algorithms
Statement of responsibility, etc by Prabhakar Gupta and Vineet Agarwal
260 ## - PUBLICATION, DISTRIBUTION, ETC. (IMPRINT)
Place of publication, distribution, etc New Delhi
Name of publisher, distributor, etc PHI Learning
Date of publication, distribution, etc 2008
300 ## - PHYSICAL DESCRIPTION
Extent 370p.
690 ## - LOCAL SUBJECT ADDED ENTRY--TOPICAL TERM (OCLC, RLIN)
Topical term or geographic name as entry element Algorithms
700 ## - ADDED ENTRY--PERSONAL NAME
Personal name Agarwal, Vineet
942 ## - ADDED ENTRY ELEMENTS (KOHA)
Source of classification or shelving scheme Dewey Decimal Classification
Koha item type Books
Holdings
Withdrawn status Lost status Source of classification or shelving scheme Damaged status Not for loan Collection code Home library Current library Date acquired Source of acquisition Cost, normal purchase price Total Checkouts Full call number Barcode Date last seen Date checked out Price effective from Koha item type
    Dewey Decimal Classification     General Text Book Central University Of Rajasthan Central University Of Rajasthan 07/03/2012 CSC 250.00 7 005.1 G95D 1418 23/05/2025 09/05/2025 02/09/2020 Books